| 000 | 00461nam a2200205Ia 4500 | ||
|---|---|---|---|
| 001 | 13524 | ||
| 003 | GE_BSU | ||
| 008 | 181216s||||||||xx |||||||||||||| ||und|| | ||
| 020 | _a0061092088 | ||
| 040 | _cGE_BSU | ||
| 080 | _a821.111-3 | ||
| 100 | _aTaylor Bradford Barbara. | ||
| 245 | _aDancerous to Know. | ||
| 260 | _aNew York. | ||
| 260 | _bHarper paper backs. | ||
| 260 | _c1995 | ||
| 300 | _a187p;18cm. | ||
| 653 | _aDancerous to Know. | ||
| 942 | _cBK | ||
| 999 |
_c46683 _d46683 |
||